| 000 | 00529cam a2200193 a 4500 | ||
|---|---|---|---|
| 020 | _a9780078034695 (alk. paper) | ||
| 020 | _a0078034698 (alk. paper) | ||
| 040 | _cDLC | ||
| 082 | 0 | 0 | _a332 MCG 2013 A115 Or. |
| 100 | 1 | _aBodie, Zvi. | |
| 245 | 1 | 0 | _aEssentials of investments / |
| 250 | _a9th ed. | ||
| 260 |
_aNew York, NY : _bMcGraw-Hill/Irwin, _cc2013. |
||
| 300 |
_axxviii, 741, i-22 p. : _bill. (come col.) ; _c29 cm. |
||
| 650 | 0 | _aInvestments. | |
| 700 | 1 | _aKane, Alex, | |
| 700 | 1 | _aMarcus, Alan J. | |
| 942 | _cAEDBB | ||
| 999 |
_c17489 _d17489 |
||